Interactive dramaturgies : (Record no. 27061)

MARC details
000 -LEADER
fixed length control field 01101pam a2200325 a 4500
001 - CONTROL NUMBER
control field 009729300
003 - CONTROL NUMBER IDENTIFIER
control field Uk
005 - DATE AND TIME OF LATEST TRANSACTION
control field 20190205110159.0
008 - FIXED-LENGTH DATA ELEMENTS--GENERAL INFORMATION
fixed length control field 031024s2004 gw a b 000 0 eng
015 ## -
-- GBA3T7882
-- bnb
020 ## - INTERNATIONAL STANDARD BOOK NUMBER
International Standard Book Number 3540442065
040 ## - CATALOGING SOURCE
Original cataloging agency StDuBDS
Language of cataloging eng
Transcribing agency StDuBDS
Modifying agency EG-ScBUE
082 04 - DEWEY DECIMAL CLASSIFICATION NUMBER
Classification number 006.7
Edition number 22
Item number INT
245 00 - TITLE STATEMENT
Title Interactive dramaturgies :
Remainder of title new approaches in multimedia content and design /
Statement of responsibility, etc Heide Hagebölling (ed.).
264 ## - PUBLICATION, DISTRIBUTION, ETC. (IMPRINT)
Place of publication, distribution, etc Berlin ; New York:
Name of publisher, distributor, etc Springer,
Date of publication, distribution, etc 2004.
300 ## - PHYSICAL DESCRIPTION
Extent xiv, 260 pages :
Other physical details illustrations(some columns) ;
Dimensions 25 cm.
336 ## - CONTENT TYPE
Content type term text
Source rdacontent
337 ## - MEDIA TYPE
Media type term unmediated
Source rdamedia
338 ## - CARRIER TYPE
Carrier type term volume
Source rdacarrier
490 0# - SERIES STATEMENT
Series statement X.media.publishing,
International Standard Serial Number 1612-1449
500 ## - GENERAL NOTE
General note Formerly CIP.
Institution to which field applies Uk
504 ## - BIBLIOGRAPHY, ETC. NOTE
Bibliography, etc Includes bibliographical references.
650 #7 - SUBJECT ADDED ENTRY--TOPICAL TERM
Topical term or geographic name as entry element Interactive multimedia
General subdivision Authoring programs.
Source of heading or term BUEsh
650 #7 - SUBJECT ADDED ENTRY--TOPICAL TERM
Topical term or geographic name as entry element Drama
General subdivision Technique
-- Computer programs.
Source of heading or term BUEsh
650 #7 - SUBJECT ADDED ENTRY--TOPICAL TERM
Topical term or geographic name as entry element Digital media.
9 (RLIN) 34501
Source of heading or term BUEsh
650 #7 - SUBJECT ADDED ENTRY--TOPICAL TERM
Topical term or geographic name as entry element Multimedia systems.
Source of heading or term BUEsh
653 ## - INDEX TERM--UNCONTROLLED
Arrived date list January2019
700 1# - ADDED ENTRY--PERSONAL NAME
Personal name Hagebölling, Heide.
942 ## - ADDED ENTRY ELEMENTS (KOHA)
Source of classification or shelving scheme Dewey Decimal Classification
Koha item type Book - Borrowing
Holdings
Withdrawn status Lost status Source of classification or shelving scheme Damaged status Not for loan Collection code Home library Current library Shelving location Date acquired Source of acquisition Cost, normal purchase price Serial Enumeration / chronology Total Checkouts Full call number Barcode Date last seen Price effective from Koha item type
    Dewey Decimal Classification     Baccah Central Library Central Library Lower Floor 31/01/2019 Purchase 577.35 73732   006.7 INT 000044130 15/07/2025 31/01/2019 Book - Borrowing